<La> formación continua como instrumento de adecuación a los cambios tecnológicos y organizativos / (Record no. 1584)

MARC details
000 -LEADER
campo de control de longitud fija 00983nam a2200289Ia 4500
001 - NÚMERO DE CONTROL
campo de control 000482
008 - DATOS DE LONGITUD FIJA--INFORMACIÓN GENERAL
campo de control de longitud fija 221003s1995 xx 000 0 spa d
035 ## - NÚMERO DE CONTROL DEL SISTEMA
Número de control de sistema CENDO_1585
041 ## - CÓDIGO DE IDIOMA
Código de lengua del texto/banda sonora o título independiente spa
084 ## - OTRO NÚMERO DE CLASIFICACIÓN
Número de clasificación GS-00001-00019
100 ## - ENTRADA PRINCIPAL--NOMBRE DE PERSONA
Nombre de persona SANCHEZ, Belén
9 (RLIN) 510
245 #0 - MENCIÓN DEL TÍTULO
Título <La> formación continua como instrumento de adecuación a los cambios tecnológicos y organizativos /
Mención de responsabilidad, etc. Belén Sánchez
260 ## - PUBLICACIÓN, DISTRIBUCIÓN, ETC.
Lugar de publicación, distribución, etc. Madrid :
Nombre del editor, distribuidor, etc. Federación Minerometalúrgica de CCOO,
Fecha de publicación, distribución, etc. 1995
300 ## - DESCRIPCIÓN FÍSICA
Extensión 10 p. ;
Dimensiones 30 cm
650 ## - PUNTO DE ACCESO ADICIONAL DE MATERIA--TÉRMINO DE MATERIA
Término de materia o nombre geográfico como elemento de entrada ORGANIZACION DEL TRABAJO
9 (RLIN) 129
650 #0 - PUNTO DE ACCESO ADICIONAL DE MATERIA--TÉRMINO DE MATERIA
Término de materia o nombre geográfico como elemento de entrada FORMACION PROFESIONAL PERMANENTE
9 (RLIN) 379
650 ## - PUNTO DE ACCESO ADICIONAL DE MATERIA--TÉRMINO DE MATERIA
Término de materia o nombre geográfico como elemento de entrada CAMBIO TECNOLOGICO
9 (RLIN) 38
650 ## - PUNTO DE ACCESO ADICIONAL DE MATERIA--TÉRMINO DE MATERIA
Término de materia o nombre geográfico como elemento de entrada CONFERENCIA
9 (RLIN) 311
710 ## - ENTRADA AGREGADA--NOMBRE DE ENTIDAD CORPORATIVA
Nombre de entidad corporativa o nombre de jurisdicción como elemento de entrada CCOO
Unidad subordinada Federación Minerometalúrgica
9 (RLIN) 1601
711 ## - ENTRADA AGREGADA--NOMBRE DE REUNIÓN
Nombre de congreso/reunión o jurisdicción como elemento de entrada <LA> ORGANIZACION DEL TRABAJO Y LA DISTRIBUCION DE LOS TIEMPOS DE TRABAJO
Fecha del congreso o de la firma del tratado (1995 :
Sede del congreso/Lugar de la reunión Madrid)
9 (RLIN) 2547
901 ## - ELEMENTOS DE DATOS A LOCAL LDA (RLIN)
a 1
903 ## - ELEMENTOS DE DATOS C LOCAL, LDC (RLIN)
a NO
953 ## -
-- 1995-09-27
-- DOCUMENTO
-- GS-00001-00019
910 ## - DATOS DE OPCIÓN DEL USUARIO (OCLC)
Datos de opción del usuario 1995
942 ## - ELEMENTOS DE ENTRADA SECUNDARIOS (KOHA)
Tipo de ítem Koha Documento
Holdings
Estatus retirado Estado de pérdida Estado de daño No para préstamo Biblioteca de origen Biblioteca actual Fecha de adquisición Total de préstamos Signatura topográfica completa Código de barras Visto por última vez Precio de reemplazo Tipo de ítem Koha
        CENDO CENDO 27/09/1995   GS-00001-00019 CENDO_1585 05/10/2022 05/10/2022 Documento